000 00301nam a22001337a 4500
008 170529b xxu||||| |||| 00| 0 eng d
020 _a9780763774394
041 _aeng
080 _a615
100 _a05
101 _aSHM
245 _aTARASCON POCKET PHARMACOPEIA
_cHAMILTON, R.J
942 _2udc
_cBK
999 _c14979
_d14979